Escritos de ocasión y otros temas / (Registro nro. 14793)

Detalles MARC
000 -LEADER
fixed length control field 01573nam a2200373 a 4500
001 - CONTROL NUMBER
control field 000013392
003 - CONTROL NUMBER IDENTIFIER
control field DO-SdBNP
005 - DATE AND TIME OF LATEST TRANSACTION
control field 20240902131147.0
007 - PHYSICAL DESCRIPTION FIXED FIELD--GENERAL INFORMATION
fixed length control field ta
008 - FIXED-LENGTH DATA ELEMENTS--GENERAL INFORMATION
fixed length control field 150717s2021 dr a 000 0 spa d
020 ## - INTERNATIONAL STANDARD BOOK NUMBER
International Standard Book Number 9789945613797
040 ## - CATALOGING SOURCE
Original cataloging agency DO-SdBNP
Language of cataloging spa
Transcribing agency BPMSU
082 #4 - DEWEY DECIMAL CLASSIFICATION NUMBER
Classification number 305.42097293
Item number D948e 2021
Edition number 22
100 1# - MAIN ENTRY--PERSONAL NAME
Personal name Durán, Carmen
245 10 - TITLE STATEMENT
Title Escritos de ocasión y otros temas /
Statement of responsibility, etc. Carmen Durán ; cuidado de la edición Aimara Veras Riverón ; prólogo Natalia González.
260 ## - PUBLICATION, DISTRIBUTION, ETC. (IMPRINT)
Place of publication, distribution, etc. Santo Domingo :
Name of publisher, distributor, etc. AGN,
Date of publication, distribution, etc. 2021.
300 ## - PHYSICAL DESCRIPTION
Extent 255 p. :
Other physical details il. , fots., retrs. ;
Dimensions 24 cm.
490 0# - SERIES STATEMENT
Series statement Archivo General de la Nación,
Volume/sequential designation 410
500 ## - GENERAL NOTE
General note Incluye datos biográficas de la autora en las solapas
500 ## - GENERAL NOTE
General note Incluye referencias bibliográficas y notas al pie de las páginas
500 ## - GENERAL NOTE
General note Incluye bibliografía al final de los capítulos
505 0# - FORMATTED CONTENTS NOTE
Formatted contents note Prólogo 11 -- Dedicatoria 15 -- Agradecimientos 17 -- Una mirada a la mujer dominicana desde la historia 21 -- Homenajes 195.
590 ## - LOCAL NOTE (RLIN)
Local note Inventariado, 2024/VM
650 #4 - SUBJECT ADDED ENTRY--TOPICAL TERM
Topical term or geographic name as entry element Mujeres en República Dominicana
General subdivision Historia
650 #4 - SUBJECT ADDED ENTRY--TOPICAL TERM
Topical term or geographic name as entry element Mujeres
Geographic subdivision República Dominicana
General subdivision Condiciones sociales
650 #4 - SUBJECT ADDED ENTRY--TOPICAL TERM
Topical term or geographic name as entry element Mujeres
General subdivision Actividad política
650 #4 - SUBJECT ADDED ENTRY--TOPICAL TERM
Topical term or geographic name as entry element Mujeres negras
Geographic subdivision República Dominicana
General subdivision Historia
650 #4 - SUBJECT ADDED ENTRY--TOPICAL TERM
Topical term or geographic name as entry element Esclavitud en República Dominicana
General subdivision Historia
700 1# - ADDED ENTRY--PERSONAL NAME
Personal name Veras Riverón, Aimara,
Relator term editor
700 1# - ADDED ENTRY--PERSONAL NAME
Personal name González, Natalia,
Relator term prólogo
710 ## - ADDED ENTRY--CORPORATE NAME
Corporate name or jurisdiction name as entry element Archivo General de la Nación (República Dominicana)
910 ## - USER-OPTION DATA (OCLC)
User-option data VMateo V. Control de calidad BPMSU
942 ## - ADDED ENTRY ELEMENTS (KOHA)
Source of classification or shelving scheme Dewey Decimal Classification
Koha item type Libros
Existencias
Withdrawn status Lost status Source of classification or shelving scheme Damaged status Not for loan Collection code Home library Current library Date acquired Source of acquisition Total Checkouts Full call number Barcode Date last seen Price effective from Koha item type
    Dewey Decimal Classification     Colección Dominicana Biblioteca Pública Metropolitana Salomé Ureña Biblioteca Pública Metropolitana Salomé Ureña 09/02/2024 Archivo General de la Nación   BPMSU CD 305.42097293 D948e 2021 BPMSU24090001 09/02/2024 09/02/2024 Libros